প্রাণরসায়ন শব্দকোষ / (Record no. 2776)
[ view plain ]
| 000 -LEADER | |
|---|---|
| fixed length control field | 00792nam a22002057a 4500 |
| 001 - CONTROL NUMBER | |
| control field | BD-DhSAU 2776 |
| 003 - CONTROL NUMBER IDENTIFIER | |
| control field | BD-DhSAU |
| 005 - DATE AND TIME OF LATEST TRANSACTION | |
| control field | 20150202140915.0 |
| 008 - FIXED-LENGTH DATA ELEMENTS--GENERAL INFORMATION | |
| fixed length control field | 150202b1990 a||||r|||| 000 0 d |
| 040 ## - CATALOGING SOURCE | |
| Original cataloging agency | BD-DhSAU |
| 082 ## - DEWEY DECIMAL CLASSIFICATION NUMBER | |
| Edition number | 22 |
| Classification number | ৫৭৪.১৯২ |
| Item number | সিরাপ্রা |
| 100 ## - MAIN ENTRY--PERSONAL NAME | |
| Personal name | সিরাজউদ্দিন, আ.স.ম. |
| 245 ## - TITLE STATEMENT | |
| Title | প্রাণরসায়ন শব্দকোষ |
| Statement of responsibility, etc. | আ.স.ম. সিরাজউদ্দিন |
| 260 ## - PUBLICATION, DISTRIBUTION, ETC. (IMPRINT) | |
| Place of publication, distribution, etc. | ঢাকা : |
| Name of publisher, distributor, etc. | বাংলা একাডেমী , |
| Date of publication, distribution, etc. | ১৯৯০. |
| 300 ## - PHYSICAL DESCRIPTION | |
| Extent | vii, ২৫৪ পৃ. : |
| Other physical details | চিত্র ; |
| Dimensions | ২২ সেমি। |
| 590 ## - Name of Cataloguer | |
| Name of Cataloger | joy |
| 650 ## - SUBJECT ADDED ENTRY--TOPICAL TERM | |
| Topical term or geographic name as entry element | Chemistry. |
| 650 ## - SUBJECT ADDED ENTRY--TOPICAL TERM | |
| Topical term or geographic name as entry element | রসায়ন। |
| 650 ## - SUBJECT ADDED ENTRY--TOPICAL TERM | |
| Topical term or geographic name as entry element | প্রাণরসায়ন। |
| General subdivision | শব্দকোষ। |
| 942 ## - ADDED ENTRY ELEMENTS (KOHA) | |
| Source of classification or shelving scheme | Dewey Decimal Classification |
| Koha item type | Book |
| Withdrawn status | Lost status | Source of classification or shelving scheme | Damaged status | Not for loan | Home library | Branch Name | Shelving location | Date acquired | Total Checkouts | Full call number | Barcode | Date last seen | Price effective from | Koha item type | Collection code |
|---|---|---|---|---|---|---|---|---|---|---|---|---|---|---|---|
| Dewey Decimal Classification | SAU Library | SAU Library | General Stacks | 23/06/1992 | ৫৭৪.১৯২ সিরাপ্রা | 18708 | 02/02/2015 | 02/02/2015 | Book | ||||||
| Dewey Decimal Classification | SAU Library | SAU Library | General Stacks | 23/06/1992 | ৫৭৪.১৯২ সিরাপ্রা | 32344 | 02/02/2015 | 02/02/2015 | Book | ||||||
| Dewey Decimal Classification | SAU Library | SAU Library | General Stacks | 23/06/1992 | ৫৭৪.১৯২ সিরাপ্রা | 11372 | 02/02/2015 | 02/02/2015 | Book | ||||||
| Dewey Decimal Classification | Not For Loan | SAU Library | SAU Library | Reference | 23/06/1992 | ৫৭৪.১৯২ সিরাপ্রা | 18707 | 14/05/2015 | 14/05/2015 | Book | Reference |
